<?xml version="1.0" encoding="UTF-8"?>
<record
    xmlns:xsi="http://www.w3.org/2001/XMLSchema-instance"
    xsi:schemaLocation="http://www.loc.gov/MARC21/slim http://www.loc.gov/standards/marcxml/schema/MARC21slim.xsd"
    xmlns="http://www.loc.gov/MARC21/slim">

  <leader>00531    a2200145   4500</leader>
  <controlfield tag="001">ART_34374</controlfield>
  <controlfield tag="005">20260410161708.0</controlfield>
  <controlfield tag="008">260409a                                 </controlfield>
  <datafield tag="245" ind1="1" ind2="0">
    <subfield code="a">Incentivo a la capitalizaci&#xF3;n de las empresas a trav&#xE9;s de una reducci&#xF3;n de la tasa del impuesto a las ganancias cuando las utilidades no sean distribuidas</subfield>
  </datafield>
  <datafield tag="100" ind1="1" ind2=" ">
    <subfield code="a">Braun, Miguel</subfield>
  </datafield>
  <datafield tag="700" ind1="1" ind2=" ">
    <subfield code="a">D&#xED;az Frers, Luciana</subfield>
  </datafield>
  <datafield tag="700" ind1="1" ind2=" ">
    <subfield code="a">Marongiu, Federico</subfield>
  </datafield>
  <datafield tag="700" ind1="1" ind2=" ">
    <subfield code="a">McEwan, H&#xE9;ctor</subfield>
  </datafield>
  <datafield tag="773" ind1="0" ind2=" ">
    <subfield code="t">Revista Impuestos</subfield>
    <subfield code="g">- N&#xBA; 21 (nov. 2005)</subfield>
    <subfield code="w">REV639</subfield>
  </datafield>
  <datafield tag="999" ind1=" " ind2=" ">
    <subfield code="c">15823</subfield>
    <subfield code="d">15823</subfield>
  </datafield>
</record>
